[Event "Budapest FS03 FM-2"]
[Site "Budapest"]
[Date "2024.03.20"]
[Round "7"]
[White "Cziko, Eduard Carol"]
[Black "Pragadesh, P."]
[Result "1/2-1/2"]
[WhiteElo "1931"]
[BlackElo "1576"]
[PlyCount "88"]
[EventDate "2024.03.14"]
[EventType "tourn"]
[EventRounds "9"]
[EventCountry "HUN"]
[SourceTitle "CB15_2024"]
[SourceDate "2024.04.10"]
[SourceVersion "1"]
[SourceVersionDate "2024.04.10"]
[SourceQuality "1"]

1. e4 Nf6 2. e5 Nd5 3. d4 d6 4. Nf3 Bg4 5. Be2 Nc6 6. 0-0 e6 7. c4 Nb6 8. exd6 cxd6 9. b3 Be7 10. Nc3 d5 11. c5 Nd7 12. Bf4 Bf6 13. Nb5 0-0 14. Bd6 Be7 15. h3 Bxf3 16. Bxf3 Bxd6 17. Nxd6 b6 18. b4 Nxb4 19. Qa4 bxc5 20. Nb7 Qc7 21. Nxc5 Nxc5 22. Qxb4 Ne4 23. Bxe4 dxe4 24. Rfe1 Qf4 25. g3 Qf5 26. h4 Rab8 27. Qa3 a5 28. Rac1 Rfc8 29. Rc5 Rxc5 30. dxc5 h6 31. Qxa5 Rc8 32. Qb4 Rxc5 33. Qxe4 Qxe4 34. Rxe4 Ra5 35. a4 Rc5 36. Kf1 Kf8 37. Ke2 Ke7 38. Kd3 Kd6 39. Rd4+ Ke5 40. Re4+ Kd5 41. Rd4+ Ke5 42. Rb4 Rc1 43. Rb7 Kf6 44. Rb4 Ke5 1/2-1/2

[Event "Budapest FS03 FM"]
[Site "Budapest"]
[Date "2024.03.11"]
[Round "8"]
[White "Szalanczy, Emil"]
[Black "Pragadesh, P."]
[Result "0-1"]
[WhiteElo "1869"]
[BlackElo "1576"]
[PlyCount "65"]
[EventDate "2024.03.02"]
[EventType "swiss"]
[EventRounds "9"]
[EventCountry "HUN"]
[SourceTitle "CB13_2024"]
[SourceDate "2024.03.27"]
[SourceVersion "1"]
[SourceVersionDate "2024.03.27"]
[SourceQuality "1"]

1. e4 Nf6 2. e5 Nd5 3. Nc3 Nxc3 4. dxc3 d6 5. Bc4 Nc6 6. Nf3 e6 7. Bf4 Be7 8. Qe2 g5 9. exd6 cxd6 10. Bg3 h5 11. h4 g4 12. Ng5 d5 13. Bb3 Qb6 14. Rd1 a5 15. a4 Nd8 16. Qd3 Qc6 17. 0-0 b6 18. Rfe1 Nb7 19. c4 Nc5 20. Qc3 d4 21. Rxd4 Rg8 22. Qe3 Bb7 23. Rd5 Rd8 24. Qf4 Bxg5 25. hxg5 Nxb3 26. Ree5 Nc5 27. g6 Rxg6 28. Rxh5 Rg8 29. Qxg4 Rf8 30. f3 exd5 31. Re5+ Ne6 32. cxd5 Rxd5 33. Rxd5 0-1